[Event "Satka Magnezit 120 op"]
[Site "Satka"]
[Date "2021.07.09"]
[Round "6"]
[White "Rezvy, Lev"]
[Black "Ermakov, Maxim"]
[Result "1-0"]
[WhiteElo "2265"]
[BlackElo "1758"]
[PlyCount "51"]
[EventDate "2021.07.06"]
[EventType "swiss"]
[EventRounds "9"]
[EventCountry "RUS"]
[SourceTitle "CBM 203 Extra"]
[Source "ChessBase"]
[SourceDate "2021.09.30"]
[SourceVersion "1"]
[SourceVersionDate "2021.09.30"]
[SourceQuality "1"]

1. d4 Nf6 2. c4 c5 3. d5 b5 4. cxb5 e6 5. Nc3 exd5 6. Nxd5 Bb7 7. e4 a6 8. bxa6 Bxd5 9. exd5 Nxa6 10. Bc4 Bd6 11. Ne2 0-0 12. 0-0 Ng4 13. f4 Re8 14. Rf3 Nb4 15. h3 Re4 16. b3 Nf6 17. Bb2 Qe7 18. a3 Na6 19. Qd2 Qd8 20. Ng3 Re8 21. Nf5 Bf8 22. d6 Ne4 23. Qd3 Qb6 24. Nh6+ gxh6 25. Rg3+ Ng5 26. Qc3 1-0

[Event "Satka Magnezit 120 op"]
[Site "Satka"]
[Date "2021.07.08"]
[Round "4"]
[White "Ermakov, Maxim"]
[Black "Kozlov, Denis1111"]
[Result "1-0"]
[WhiteElo "1758"]
[BlackElo "2156"]
[PlyCount "157"]
[EventDate "2021.07.06"]
[EventType "swiss"]
[EventRounds "9"]
[EventCountry "RUS"]
[SourceTitle "CBM 203 Extra"]
[Source "ChessBase"]
[SourceDate "2021.09.30"]
[SourceVersion "1"]
[SourceVersionDate "2021.09.30"]
[SourceQuality "1"]

1. d4 e6 2. c4 Nf6 3. Nf3 b6 4. Bg5 h6 5. Bxf6 Qxf6 6. e4 Bb7 7. Bd3 c5 8. Bc2 cxd4 9. Qxd4 Nc6 10. Qxf6 gxf6 11. a3 Bd6 12. Nc3 Ne5 13. Nd2 Rc8 14. Nb5 Bb8 15. b3 Ke7 16. Ke2 a6 17. Nd4 b5 18. f4 Nc6 19. Nxc6+ Bxc6 20. g3 h5 21. cxb5 axb5 22. Bd3 h4 23. a4 bxa4 24. b4 Rcg8 25. b5 Bb7 26. Kf3 f5 27. Rhe1 hxg3 28. hxg3 Rh2 29. Nf1 Rb2 30. Reb1 Rb3 31. Rxb3 axb3 32. Rb1 Rc8 33. Rxb3 Rc1 34. Nd2 fxe4+ 35. Bxe4 d5 36. Bd3 Bc7 37. Rb1 Rc3 38. Rb3 Rc5 39. Rb2 Kd6 40. Nb3 Rc3 41. Ke2 Bb6 42. Kd2 Rc8 43. Ke2 f6 44. Nd2 Rh8 45. Kf3 e5 46. fxe5+ fxe5 47. Bf5 Bd4 48. Rc2 e4+ 49. Kg2 Ke5 50. g4 Be3 51. Rc7 Ba8 52. Nf1 Bb6 53. Re7+ Kf4 54. Ng3 e3 55. Ne2+ Kg5 56. Rg7+ Kh4 57. Nf4 d4+ 58. Kh2 Rh6 59. g5 Bc7 60. gxh6 Bxf4+ 61. Kg1 Bxh6 62. Rd7 Kg3 63. Kf1 Kf3 64. Rxd4 Bg7 65. Bg4+ Kg3 66. Ra4 Bf3 67. Bxf3 Kxf3 68. Ra3 Bd4 69. Rd3 Bc5 70. Rb3 Bb6 71. Rb2 Bd4 72. Rh2 Bc5 73. Rh3+ Ke4 74. Ke2 Kd4 75. Rh4+ Kd5 76. Rh6 Kc4 77. b6 Kb5 78. b7 Ba7 79. Rh8 1-0